| 000 | 01137cam a2200145 4500500 | ||
|---|---|---|---|
| 005 | 20260405085556.0 | ||
| 041 | _afre | ||
| 042 | _adc | ||
| 100 | 1 | 0 |
_aGravereau, Sophie _eauthor |
| 700 | 1 | 0 |
_aVarlet, Caroline _eauthor |
| 245 | 0 | 0 | _aSociologie des espaces |
| 260 |
_bArmand Colin,
_c2019. |
||
| 520 | _aCet ouvrage introduit à l’observation et la compréhension du rapport à l’espace des acteurs sociaux. Son ambition est de rendre visible la considération apportée à l’espace par les individus (incarner, occuper, représenter, traverser). Quelle importance les gens ou les groupes sociaux accordent-ils à l’espace dans leurs pratiques sociales ? D’un point de vue matériel ou/et symbolique, comment l’espace se situe-t-il au cœur de leurs actions ? Ces questions amènent à considérer l'espace autrement que comme un cadre ou seulement une donnée physique. et à montrer comment il peut être un outil d’analyse à la fois pour les sciences sociales et pour les acteurs territoriaux. | ||
| 856 | 4 | 1 | _uhttps://shs.cairn.info/sociologie-des-espaces--9782200624729?lang=fr&redirect-ssocas=7080 |
| 999 |
_c2198653 _d2198653 |
||